Architecture by birds and insects : (Record no. 353130)

000 -LEADER
fixed length control field 01477 a2200337 4500
003 - CONTROL NUMBER IDENTIFIER
control field OSt
005 - DATE AND TIME OF LATEST TRANSACTION
control field 20180116192356.0
008 - FIXED-LENGTH DATA ELEMENTS--GENERAL INFORMATION
fixed length control field 120612t xxu||||| |||| 00| 0 eng d
010 ## - LIBRARY OF CONGRESS CONTROL NUMBER
LC control number 2007031847
020 ## - INTERNATIONAL STANDARD BOOK NUMBER
International Standard Book Number 9780226500973 (cloth : alk. paper)
020 ## - INTERNATIONAL STANDARD BOOK NUMBER
International Standard Book Number 0226500977 (cloth : alk. paper)
035 ## - SYSTEM CONTROL NUMBER
System control number (OCoLC)ocn163604442
035 ## - SYSTEM CONTROL NUMBER
System control number (OCoLC)163604442
040 ## - CATALOGING SOURCE
Transcribing agency 0
082 00 - DEWEY DECIMAL CLASSIFICATION NUMBER
Classification number 598.1564
100 1# - MAIN ENTRY--PERSONAL NAME
Personal name Macnamara, Peggy.
9 (RLIN) 4375
245 10 - TITLE STATEMENT
Title Architecture by birds and insects :
Remainder of title a natural art /
Statement of responsibility, etc. written and iIllustrated by Peggy Macnamara ; contributors, John M. Bates and James H. Boone ; with a foreword by David Quammen.
260 ## - PUBLICATION, DISTRIBUTION, ETC.
Place of publication, distribution, etc. Chicago :
Name of publisher, distributor, etc. University of Chicago Press :
-- In association with the Field Museum,
Date of publication, distribution, etc. 2008.
300 ## - PHYSICAL DESCRIPTION
Extent xxi, 141 p. :
Other physical details col. ill. ;
Dimensions 16 x 24 cm.
650 10 - SUBJECT ADDED ENTRY--TOPICAL TERM
Topical term or geographic name entry element Birds
General subdivision Nests.
9 (RLIN) 4376
650 10 - SUBJECT ADDED ENTRY--TOPICAL TERM
Topical term or geographic name entry element Birds
General subdivision Nests
9 (RLIN) 4377
650 10 - SUBJECT ADDED ENTRY--TOPICAL TERM
Topical term or geographic name entry element Insects
General subdivision Habitations.
9 (RLIN) 4378
650 10 - SUBJECT ADDED ENTRY--TOPICAL TERM
Topical term or geographic name entry element Insects
General subdivision Habitations
9 (RLIN) 4379
700 1# - ADDED ENTRY--PERSONAL NAME
Personal name Bates, John,
Dates associated with a name 1951-
9 (RLIN) 4380
700 1# - ADDED ENTRY--PERSONAL NAME
Personal name Boone, James H.
9 (RLIN) 4381
856 41 - ELECTRONIC LOCATION AND ACCESS
Materials specified Table of contents only
Uniform Resource Identifier <a href="http://www.loc.gov/catdir/enhancements/fy0801/2007031847-t.html">http://www.loc.gov/catdir/enhancements/fy0801/2007031847-t.html</a>
856 41 - ELECTRONIC LOCATION AND ACCESS
Materials specified Contributor biographical information
Uniform Resource Identifier <a href="http://www.loc.gov/catdir/enhancements/fy0827/2007031847-b.html">http://www.loc.gov/catdir/enhancements/fy0827/2007031847-b.html</a>
856 41 - ELECTRONIC LOCATION AND ACCESS
Materials specified Publisher description
Uniform Resource Identifier <a href="http://www.loc.gov/catdir/enhancements/fy0827/2007031847-d.html">http://www.loc.gov/catdir/enhancements/fy0827/2007031847-d.html</a>
942 ## - ADDED ENTRY ELEMENTS (KOHA)
Institution code [OBSOLETE] SADA
Koha item type Book
Call number prefix 598.1564 MAC 2008
Source of classification or shelving scheme
Holdings
Withdrawn status Lost status Source of classification or shelving scheme Damaged status Not for loan Permanent Location Current Location Date acquired Total Checkouts Total Renewals Full call number Barcode Date last seen Date last checked out Cost, replacement price Price effective from Koha item type
          School of Art Design and Architecture (SADA) School of Art Design and Architecture (SADA) 06/06/2011 4 2 598.1564 MAC 2008 SADA0001261 04/20/2016 04/05/2016 1706.00 08/05/2011 Book
© 2023 Central Library, National University of Sciences and Technology. All Rights Reserved.